000 01416nam2a22002531 4500
001 rc\4731746
005 20250612013923.0
035 _a(NLR Aleph) 008447941
090 _a9519358
_c9519358
100 _a20130416d1968 |||y0rusy50 ca
101 0 _arus
102 _aRU
105 _ay z |||||
200 1 _aВитебская область
_f[Сост. Г.Ф. Кулеш]
210 _d1968
_aБ. м.
215 _aX, 424 с.
333 _aДля служебного пользования. Экз. № 196
461 0 _1001rc\4731741
_12001#$aПочвы БССР$eПлощади почв по типам, мех. составу, степени заболоченности, кислотности, обеспеченности фосфором и калием$f[Под ред. С.П. Иванова] [и др.] [1]-$gМ-во сел. хоз-ва БССР. Белорус. науч.-исслед. ин-т почвоведения$v[5]
_99519327
_cМинск
_d1968-
_f[Под ред. С.П. Иванова] [и др.] [1]-
_nБ. и.
_oПлощади почв по типам, мех. составу, степени заболоченности, кислотности, обеспеченности фосфором и калием
_tПочвы БССР
_v[5]
702 1 _aКулеш
_bГ.Ф.
_4220
801 0 _aRU
_bNLR
_gpsbo
801 1 _aRU
_bELAR
_2rusmarc
852 _aNLR
_j50К/17304
942 _cBOOK
980 _aNB